[Event "Heusenstamm Sparkassen op-A 6th"]
[Site "Heusenstamm"]
[Date "2019.11.22"]
[Round "3"]
[White "Triebus, Bruno"]
[Black "Pogan, Nikolas"]
[Result "1/2-1/2"]
[WhiteElo "1992"]
[BlackElo "2234"]
[PlyCount "50"]
[EventDate "2019.11.21"]
[EventType "swiss"]
[EventRounds "7"]
[EventCountry "GER"]
[SourceTitle "CBM 194 Extra"]
[Source "ChessBase"]
[SourceDate "2020.03.31"]
[SourceVersion "1"]
[SourceVersionDate "2020.03.31"]
[SourceQuality "1"]

1. e4 d6 2. d4 Nf6 3. Nc3 e5 4. dxe5 dxe5 5. Qxd8+ Kxd8 6. Bc4 Ke8 7. Nf3 Bd6 8. Bg5 Nbd7 9. 0-0 h6 10. Bh4 a6 11. a4 b6 12. Nd2 Bb7 13. f3 Bc5+ 14. Bf2 Ke7 15. Nb3 Bd6 16. Nd1 g6 17. Ne3 Kf8 18. Rfd1 Kg7 19. Nd5 Rad8 20. Rd2 Nxd5 21. Bxd5 Bc8 22. a5 b5 23. Rad1 Nb8 24. Ba7 Nd7 25. Bc6 Kf6 1/2-1/2

[Event "Berlin Lichtenrade op 12th"]
[Site "Berlin"]
[Date "2016.10.29"]
[Round "8"]
[White "Triebus, Bruno"]
[Black "Sliwicka, Alicja"]
[Result "0-1"]
[WhiteElo "1969"]
[BlackElo "2144"]
[PlyCount "96"]
[EventDate "2016.10.22"]
[EventType "swiss"]
[EventRounds "9"]
[EventCountry "GER"]
[SourceTitle "EXT 2018"]
[Source "ChessBase"]
[SourceDate "2017.10.13"]
[SourceVersion "1"]
[SourceVersionDate "2017.10.13"]
[SourceQuality "1"]

1. e4 c5 2. Nf3 e6 3. d4 cxd4 4. Nxd4 a6 5. Nc3 Qc7 6. Bd3 Nf6 7. 0-0 Be7 8. Be3 d6 9. f4 Nbd7 10. f5 Ne5 11. Kh1 0-0 12. Nce2 Nxd3 13. cxd3 e5 14. Nb3 d5 15. Rc1 Qd7 16. Nc5 Qb5 17. a4 Qa5 18. Bd2 Qb6 19. a5 Qb5 20. d4 Nxe4 21. Nxe4 dxe4 22. dxe5 Qxe5 23. Bc3 Qd6 24. Qc2 Qd3 25. Ng3 Bd7 26. Bxg7 Qxc2 27. Rxc2 Kxg7 28. f6+ Bxf6 29. Nh5+ Kh8 30. Nxf6 Bb5 31. Re1 Rac8 32. Rxc8 Rxc8 33. h3 Bd3 34. Kg1 Rc6 35. Nd5 Rc5 36. Nb4 Rxa5 37. Nxd3 exd3 38. Rd1 Rb5 39. Rd2 Kg7 40. Kf2 Kf6 41. Ke3 Re5+ 42. Kd4 Re2 43. Rxd3 Rxb2 44. Kc3 Rxg2 45. Rd6+ Kg7 46. Rb6 Rg3+ 47. Kd4 Rxh3 48. Rxb7 Ra3 0-1

[Event "Berlin-ch"]
[Site "Berlin"]
[Date "2014.04.19"]
[Round "1"]
[White "Sawlin, Leonid"]
[Black "Triebus, Bruno"]
[Result "1-0"]
[WhiteElo "1952"]
[BlackElo "1941"]
[PlyCount "61"]
[EventDate "2014.04.19"]
[EventType "swiss"]
[EventRounds "9"]
[EventCountry "GER"]
[SourceTitle "EXT 2015"]
[Source "ChessBase"]
[SourceDate "2014.11.20"]
[SourceVersion "1"]
[SourceVersionDate "2014.11.20"]
[SourceQuality "1"]

1. e4 e6 2. d4 d5 3. Nc3 Nf6 4. e5 Nfd7 5. f4 c5 6. Nf3 Nc6 7. Be3 cxd4 8. Nxd4 a6 9. Qd2 Nxd4 10. Bxd4 Bc5 11. 0-0-0 Bxd4 12. Qxd4 Qc7 13. Re1 Qc5 14. Qd2 Nb6 15. Bd3 Bd7 16. Rhf1 Bb5 17. f5 Bxd3 18. Qxd3 Qc6 19. Qg3 Rg8 20. Qh4 Rh8 21. Qg5 Rg8 22. Qh4 Rh8 23. Ne2 Rc8 24. Nd4 Qa4 25. c3 exf5 26. Rf4 Qxa2 27. Nxf5 Rc7 28. e6 Rxc3+ 29. bxc3 Qa1+ 30. Kc2 Qa2+ 31. Kd3 1-0

[Event "Berlin Lichtenrade op 08th"]
[Site "Berlin"]
[Date "2012.10.02"]
[Round "4"]
[White "Rettore, Ludwig"]
[Black "Triebus, Bruno"]
[Result "1-0"]
[WhiteElo "2144"]
[BlackElo "1929"]
[PlyCount "139"]
[EventDate "2012.09.29"]
[EventType "swiss"]
[EventRounds "9"]
[EventCountry "GER"]
[SourceTitle "CBM 150 Extra"]
[Source "ChessBase"]
[SourceDate "2012.10.19"]
[SourceVersion "1"]
[SourceVersionDate "2012.10.19"]
[SourceQuality "1"]

1. e4 e6 2. d3 d5 3. Nd2 c5 4. Ngf3 Nf6 5. g3 Nc6 6. Bg2 Qc7 7. 0-0 Be7 8. Re1 b6 9. Nf1 Bb7 10. Bf4 e5 11. Nxe5 Nxe5 12. exd5 Nfd7 13. Qh5 0-0-0 14. Bxe5 Nxe5 15. Qxe5 Qxe5 16. Rxe5 Bf6 17. Rf5 Bxb2 18. Rb1 Bf6 19. Ne3 Rhf8 20. c4 Kc7 21. Rf4 Bc8 22. Re4 g6 23. Nc2 Bf5 24. Re3 Rfe8 25. Rbe1 Rxe3 26. Rxe3 Rd6 27. Be4 Bd7 28. d4 Ba4 29. dxc5 bxc5 30. Ne1 Bd4 31. Ra3 Ra6 32. Bc2 Bb5 33. Rxa6 Bxa6 34. Bb3 Kb6 35. Nc2 Bf6 36. Kf1 Kc7 37. Ke2 Bc8 38. Ne3 Bd7 39. Bc2 Kd6 40. Be4 Bd4 41. Nc2 Bb2 42. Kd3 Kc7 43. Ne3 Kb6 44. Kc2 Bd4 45. Kd3 Ka5 46. f4 Ka4 47. Nc2 Bg7 48. Ke3 Ka5 49. f5 Bh6+ 50. Kf3 Ba4 51. g4 Bxc2 52. Bxc2 Kb4 53. d6 Bg5 54. Bd3 Ka3 55. Ke4 Kxa2 56. Kd5 a5 57. Be2 gxf5 58. gxf5 Kb2 59. Bd1 Kc3 60. Kxc5 Bd8 61. Kd5 Kb4 62. c5 Kb5 63. c6 Kb6 64. c7 Bxc7 65. dxc7 Kxc7 66. Ke5 Kd7 67. Kf6 Ke8 68. Bb3 Kf8 69. Bxf7 a4 70. Ba2 1-0